=LDR 00000nam 2200000 4500 =001 INLIS000000000002560 =005 20130612090904 =008 ***********************************Ind** =035 ##$$0010-061300000002560 =041 ##$$a Ind =082 ##$$a 616.362 =090 ##$$a 616.362, Rab p =100 ##$$a Rab, Tabrani,H =245 ##$$a Penyakit hati, H.Tabrani Rab =260 ##$$a 1995 $b Jakarta =300 ##$$a 27 hlm, 15 cm =650 ##$$a Penyakit Hati =850 ##$$a NBPNMAT